Misal romano latino-español (Record no. 188230)

MARC details
000 -LEADER
campo de control de longitud fija 00758nam a2200181 i 4500
001 - NÚMERO DE CONTROL
campo de control 188230
003 - IDENTIFICADOR DE NÚMERO DE CONTROL
campo de control ES-MaACL
005 - FECHA Y HORA DE LA ÚLTIMA TRANSACCIÓN
campo de control 20230906223140.0
008 - DATOS DE LONGITUD FIJA--INFORMACIÓN GENERAL
campo de control de longitud fija 180626s1947 sp g |||| | spa d
245 00 - MENCIÓN DEL TÍTULO
Título Misal romano latino-español
Resto del título : con todas las Misas propias de España y los nuevos Santos intercalados en su día ; precedido de un breve Devocionario /
Mención de responsabilidad, etc. por el Rdo. P. Baltasar del Castillo.
250 ## - MENCION DE EDICION
Mención de edición 3ª ed.
260 ## - PUBLICACIÓN, DISTRIBUCIÓN, ETC.
Lugar de publicación, distribución, etc. Barcelona :
Nombre del editor, distribuidor, etc. José Vilamala,
Fecha de publicación, distribución, etc. 1947.
300 ## - DESCRIPCIÓN FÍSICA
Extensión 1224 p. :
Otras características físicas mús. ;
Dimensiones 17 cm.
500 ## - NOTA GENERAL
Nota general Apéndices.
650 #4 - PUNTO DE ACCESO ADICIONAL DE MATERIA--TÉRMINO DE MATERIA
Término de materia o nombre geográfico como elemento de entrada Misales.
9 (RLIN) 137840
700 1# - ENTRADA AGREGADA--NOMBRE PERSONAL
Nombre de persona Castillo, Baltasar del.
9 (RLIN) 36676
852 ## - LOCALIZACIÓN
Ubicación ES-MaACL
Número de control de estantería L-32090
Nota libre - Enc. guaflex con cantos dorados
-- . - Donat. herederos de la bibl. de Mª del Pilar Costa Palacín
Holdings
Estatus retirado Estado de pérdida Estado de daño No para préstamo Biblioteca de origen Biblioteca actual Ubicación en estantería Fecha de adquisición Fuente de adquisición Total de préstamos Signatura topográfica completa Código de barras Visto por última vez Precio de reemplazo Tipo de ítem Koha
        Biblioteca del Ateneo de Madrid Biblioteca del Ateneo de Madrid Depósito 2 26/06/2018     L-32090 1199039 23/02/2023 23/02/2023 Libro impreso